Largest Chinese Provinces by Population - Statistics

General Stats
  • This quiz has been taken 10 times
  • The average score is 8 of 10
Answer Stats
Population Answer % Correct
109,990,000 Guangdong
100%
74,700,000 Hebei
88%
95,320,000 Henan
88%
68,220,000 Hunan
88%
79,990,000 Jiangsu
88%
82,620,000 Sichuan
88%
58,850,000 Hubei
75%
99,470,000 Shandong
75%
61,960,000 Anhui
63%
55,900,000 Zhejiang
63%
No matching quizzes found
Score Distribution
Percent of People with Each Score
Percentile by Number Answered
Your Score History
You have not taken this quiz